|
|
|
|
| LEADER |
00000nam a22000005a 4500 |
| 001 |
vtls010277280 |
| 003 |
SK-MaSNL |
| 005 |
20260302011738.0 |
| 008 |
180809s2011 xo ola g 000 0 slo |
| 015 |
|
|
|a SNBA2011/08-04506
|
| 020 |
|
|
|a 9788097018719
|q (brož.)
|
| 035 |
|
|
|a 09019FE3-954F-4388-B56B-CB8FBE9EAE82
|
| 035 |
|
|
|a urn:nbn:sk:snk-amjhsh
|
| 035 |
|
|
|a urn:nbn:sk:snk-am001y0j
|
| 040 |
|
|
|a SNK
|b slo
|c SNK
|e AACR2
|
| 041 |
0 |
|
|a slo
|
| 044 |
|
|
|a xo
|c SK
|
| 072 |
|
7 |
|a 17
|x Etika. Morálna filozofia
|2 konspekt
|
| 072 |
|
7 |
|a 37
|x Výchova a vzdelávanie
|2 konspekt
|
| 080 |
|
|
|a 173.5/.7
|2 2001
|
| 080 |
|
|
|a 37.03-053.2
|2 2001
|
| 080 |
|
|
|a (035)
|2 2001
|
| 245 |
0 |
0 |
|a Rodičia a ja
|b -kým budem školák
|
| 250 |
|
|
|a 1. vyd.
|
| 260 |
|
|
|a Bratislava
|b Artison
|c [2011]
|
| 300 |
|
|
|a 125 s.
|b fareb. fotogr. a ilustr., tab.
|c 21 cm
|
| 500 |
|
|
|a Náz. z obalu
|
| 650 |
0 |
7 |
|a rodičia a deti
|2 SNKPH
|9 63347
|
| 650 |
0 |
7 |
|a Parents and children
|2 SNKPHeng
|9 312750
|
| 650 |
0 |
7 |
|a výchova dieťaťa
|2 SNKPH
|9 21780
|
| 650 |
0 |
7 |
|a Child rearing2SNKPHeng
|2 SNK
|9 652631
|
| 655 |
|
7 |
|a príručky
|2 SNKPH
|9 74364
|
| 655 |
|
7 |
|a Handbooks, manuals, etc.
|2 SNKPHeng
|9 90964
|
| 919 |
|
|
|a 978-80-970187-1-9
|
| 958 |
|
|
|a OND
|
| 968 |
|
|
|d 1
|
| 999 |
|
|
|c 1007259
|d 1009189
|
| 952 |
|
|
|a SNK
|b SNK
|y PREZ
|7 0
|p 17A0702384
|o snkSC 145343
|i snk2011/10616
|8 0
|0 0
|1 0
|4 0
|d 2011-05-10
|l 0
|r 2025-07-14 00:00:00
|w 2026-02-24
|
| 952 |
|
|
|a SNK
|b SNK
|y VYP
|7 0
|p 17A0702385
|o snkSC 145343 D1
|i snk2011/10617
|8 0
|0 0
|1 0
|4 0
|d 2011-05-10
|f 1
|l 0
|r 2026-02-24 12:40:13
|w 2026-02-24
|